Living faiths [3], [Schülerband] Hinduism / Neera Vyas
The Living Faiths series encourages students to actively engage with religious education by looking into how faiths are practised and lived in people's daily lives. This Student Book covers Hinduism through unique real-life case studies of young people and their families, making RE relevant to...
Guardado en:
| Autor principal: | |
|---|---|
| Otros Autores: | , , |
| Formato: | Libro |
| Lenguaje: | inglés |
| Publicado: |
Oxford
Oxford University Press
2013
|
| Edición: | [Key Stage 3, ages 11-14] |
| Catálogo: | GEI: Resultados de Búsqueda del Catálogo |
| Clasificación de libros de texto: |
|
| Materias: | |
| Acceso en línea: | Inhaltsverzeichnis |
| Etiquetas: |
Agregar Etiqueta
Sin Etiquetas, Sea el primero en etiquetar este registro!
|
| Añadido a: | 2016-04-07 |
| Cambiado en: | 2016-10-19 |
MARC
| LEADER | 00000cam a2200000 cc4500 | ||
|---|---|---|---|
| 001 | 856460680 | ||
| 003 | DE-627 | ||
| 005 | 20251207085929.0 | ||
| 007 | tu | ||
| 008 | 160408s2013 xxk||||| 00| ||eng c | ||
| 020 | |a 9780199129973 |9 978-0-19-912997-3 | ||
| 035 | |a (DE-627)856460680 | ||
| 035 | |a (DE-599)GBV856460680 | ||
| 035 | |a (OCoLC)1027965182 | ||
| 040 | |a DE-627 |b ger |c DE-627 |e rda | ||
| 041 | |a eng | ||
| 044 | |c XA-GB | ||
| 084 | |a 30 |2 ssgn | ||
| 084 | |a BE 8030 |2 rvk |0 (DE-625)rvk/10663: | ||
| 084 | |a f2013:0221 |2 isced | ||
| 084 | |a p2011:2 |2 isced | ||
| 100 | 1 | |a Vyas, Neera |e verfasserin |4 aut | |
| 245 | 1 | 0 | |a Living faiths |n [3], [Schülerband] |p Hinduism / Neera Vyas |c series editor: Janet Dyson ; consultant: Robert Bowie |
| 250 | |a [Key Stage 3, ages 11-14] | ||
| 264 | 1 | |a Oxford |b Oxford University Press |c 2013 | |
| 300 | |a 80 Seiten |b zahlreiche Illustrationen |c 28 cm | ||
| 336 | |a Text |b txt |2 rdacontent | ||
| 337 | |a ohne Hilfsmittel zu benutzen |b n |2 rdamedia | ||
| 338 | |a Band |b nc |2 rdacarrier | ||
| 385 | |a Schüler |0 (DE-588)4053369-4 |0 (DE-627)106167367 |0 (DE-576)20910354X | ||
| 520 | |a The Living Faiths series encourages students to actively engage with religious education by looking into how faiths are practised and lived in people's daily lives. This Student Book covers Hinduism through unique real-life case studies of young people and their families, making RE relevant to KS3 RE Students today. This Student Book uses an enquiry-led approach to help students relate to religion through engaging activities, end-of-chapter assessment tasks, and links to rich audio-visual content. | ||
| 583 | 1 | |a Archivierung prüfen |c 20240324 |f DE-4165 |z 1 |2 pdager | |
| 655 | 7 | |a Schulbuch |0 (DE-588)4053458-3 |0 (DE-627)104383704 |0 (DE-576)209103922 |2 gnd-content | |
| 689 | 0 | 0 | |D s |0 (DE-588)4024955-4 |0 (DE-627)106295438 |0 (DE-576)208958487 |a Hinduismus |2 gnd |
| 689 | 0 | 1 | |D s |0 (DE-588)4049422-6 |0 (DE-627)106187074 |0 (DE-576)209081996 |a Religionsunterricht |2 gnd |
| 689 | 0 | 2 | |D s |0 (DE-588)4054365-1 |0 (DE-627)106162993 |0 (DE-576)209108401 |a Sekundarstufe 1 |2 gnd |
| 689 | 0 | 3 | |D s |0 (DE-588)4224893-0 |0 (DE-627)104983221 |0 (DE-576)210301902 |a Schuljahr 7-9 |2 gnd |
| 689 | 0 | 4 | |D g |0 (DE-588)4022153-2 |0 (DE-627)104665513 |0 (DE-576)208942076 |a Großbritannien |2 gnd |
| 689 | 0 | |5 (DE-627) | |
| 700 | 1 | |a Dyson, Janet |e herausgeberin |4 edt | |
| 700 | 1 | |a Bowie, Robert |e beraterin |4 csl | |
| 700 | 1 | |a Clarke, Gareth |e illustratorin |4 ill | |
| 773 | 1 | 8 | |w (DE-627)856459607 |w (DE-576)9856459605 |g [3], [Schülerband] |q 3,S.2013 |7 nnam |
| 856 | 4 | 2 | |u http://www.gbv.de/dms/gei/856460680.pdf |m V:DE-601 |m B:DE-Bs78 |q application/pdf |v 2017-02-13 |x Verlag |y Inhaltsverzeichnis |3 Inhaltsverzeichnis |7 1 |
| 912 | |a GBV_ILN_69 | ||
| 912 | |a ISIL_DE-9 | ||
| 912 | |a SYSFLAG_1 | ||
| 912 | |a GBV_KXP | ||
| 912 | |a GBV_ILN_216 | ||
| 912 | |a ISIL_DE-Bs78 | ||
| 936 | r | v | |a BE 8030 |b Gesamtdarstellungen |k Theologie und Religionswissenschaften |k Religionswissenschaft |k Religionsgeschichte |k Indien |k Hinduismus, Bhakti |k Gesamtdarstellungen |0 (DE-627)1270653873 |0 (DE-625)rvk/10663: |0 (DE-576)200653873 |
| 951 | |a MV | ||
| 980 | |2 69 |1 01 |x 0009 |b 175750897X |c 00 |f PA 302 |d 310/BE 8030 V996 |e g |j --%%-- |y z |z 08-03-18 | ||
| 980 | |2 216 |1 01 |x 3708 |b 1608937992 |c 00 |f --%%-- |d GB W-57(1,2013)3 |e u |j --%%-- |h 004.90.0057.0003.00.2013.001. |k 4. Druck |y zsb |z 20-10-16 | ||
| 983 | |2 216 |1 00 |x DE-Bs78 |8 00 |a l004 | ||
| 983 | |2 216 |1 00 |x DE-Bs78 |8 00 |a z508 | ||
| 983 | |2 216 |1 00 |x DE-Bs78 |8 00 |a dsb | ||
| 984 | |2 69 |1 01 |x 0009 |a 9$11152885 | ||
| 984 | |2 216 |1 01 |x 3708 |a BS78$12226513 | ||
| 985 | |2 69 |1 01 |x 0009 |a 2018.1499 | ||
| 985 | |2 216 |1 01 |x 3708 |a 2016/816 | ||
| 995 | |2 216 |1 01 |x 3708 |a 004.90.0057.0003.00.2013.001. | ||
| 995 | |2 216 |1 01 |x 3708 |a ks | ||